[Event "Titled Tuesday intern op 30th Apr Early"]
[Site "Chess.com INT"]
[Date "2024.04.30"]
[Round "4"]
[White "Hernando Rodrigo, Julio Antonio"]
[Black "Garcia Ramos, Daniel"]
[Result "1-0"]
[WhiteElo "2229"]
[BlackElo "2426"]
[PlyCount "111"]
[EventDate "2024.04.30"]
[EventType "swiss (blitz)"]
[EventRounds "11"]
[EventCountry "USA"]
[SourceTitle "CB19_2024"]
[SourceDate "2024.05.08"]
[SourceVersion "1"]
[SourceVersionDate "2024.05.08"]
[SourceQuality "1"]

1. d4 Nf6 2. c4 e6 3. Nf3 d5 4. g3 Bb4+ 5. Nbd2 dxc4 6. Bg2 0-0 7. 0-0 b5 8. a4 c6 9. Qc2 Bb7 10. Rd1 Nbd7 11. b3 cxb3 12. Nxb3 h6 13. Ne5 Rc8 14. Nd3 Be7 15. Ndc5 Nxc5 16. dxc5 Qc7 17. axb5 cxb5 18. Rxa7 Be4 19. Qa2 Ra8 20. Rxc7 Rxa2 21. Bxe4 Nxe4 22. Rxe7 Nc3 23. Rd6 Nxe2+ 24. Kf1 Nxc1 25. Nxc1 Ra1 26. Rd1 Rc8 27. Ke2 Rxc5 28. Nd3 Rc2+ 29. Rd2 Rc4 30. Ne5 Re4+ 31. Kf3 Rxe5 32. Rd8+ Kh7 33. Rxf7 Kg6 34. Rdd7 Rf5+ 35. Rxf5 exf5 36. Rd6+ Kf7 37. Rd5 Rb1 38. Rxf5+ Ke6 39. Rc5 b4 40. Rc7 Kf6 41. Rb7 b3 42. h4 Kg6 43. Rb6+ Kh7 44. h5 Kg8 45. Kg4 b2 46. Kf5 Kf7 47. Rb7+ Kf8 48. Kg6 Ra1 49. Rb8+ Ke7 50. Rxb2 Ra5 51. f4 Ra3 52. g4 Rg3 53. g5 hxg5 54. fxg5 Ke6 55. Rb5 Rh3 56. Rb7 1-0

[Event "Titled Tuesday intern op 13th Feb Early"]
[Site "Chess.com INT"]
[Date "2024.02.13"]
[Round "1"]
[White "Lancman, Kyle"]
[Black "Garcia Ramos, Daniel"]
[Result "0-1"]
[WhiteElo "2075"]
[BlackElo "2442"]
[PlyCount "64"]
[EventDate "2024.02.13"]
[EventType "swiss (blitz)"]
[EventRounds "11"]
[EventCountry "USA"]
[SourceTitle "CB08_2024"]
[SourceDate "2024.02.21"]
[SourceVersion "1"]
[SourceVersionDate "2024.02.21"]
[SourceQuality "1"]

1. d4 Nf6 2. Nf3 e6 3. e3 c5 4. Bd3 b6 5. 0-0 Bb7 6. b3 Be7 7. Bb2 0-0 8. Nbd2 d6 9. Qe2 Nbd7 10. e4 Qc7 11. c4 cxd4 12. Nxd4 a6 13. Rac1 Rad8 14. Kh1 Qb8 15. f3 Rfe8 16. Rfd1 Bf8 17. Qf2 d5 18. cxd5 exd5 19. Nc6 Bxc6 20. Rxc6 dxe4 21. Nxe4 Nxe4 22. Bxe4 Nc5 23. Rf1 Qf4 24. Qg3 Rxe4 25. Rxb6 Qxg3 26. hxg3 Re2 27. b4 Nd3 28. Bc3 Rxa2 29. Ra1 Rxa1+ 30. Bxa1 Nxb4 31. Bc3 a5 32. Rb5 Rd3 0-1

[Event "Titled Tuesday intern op 06th Feb Early"]
[Site "Chess.com INT"]
[Date "2024.02.06"]
[Round "3"]
[White "Pranesh, M."]
[Black "Garcia Ramos, Daniel"]
[Result "1-0"]
[WhiteElo "2538"]
[BlackElo "2442"]
[PlyCount "55"]
[EventDate "2024.02.06"]
[EventType "swiss (blitz)"]
[EventRounds "11"]
[EventCountry "USA"]
[SourceTitle "CB07_2024"]
[SourceDate "2024.02.14"]
[SourceVersion "1"]
[SourceVersionDate "2024.02.14"]
[SourceQuality "1"]

1. e4 c6 2. d4 d5 3. e5 Bf5 4. Nc3 e6 5. g4 Bg6 6. Nge2 c5 7. h4 h5 8. Nf4 Bh7 9. g5 cxd4 10. Nb5 Nc6 11. Qxh5 Bb4+ 12. c3 dxc3 13. bxc3 Qa5 14. cxb4 Qxb4+ 15. Bd2 Qe4+ 16. Ne2 Qxe5 17. Bc3 d4 18. Nbxd4 Nxd4 19. Bxd4 Qe4 20. f3 Qd5 21. Bxg7 Bg6 22. Qxh8 0-0-0 23. Bd4 Qxf3 24. Rh3 Qd5 25. Rc3+ Kb8 26. Qe5+ Qxe5 27. Bxe5+ Ka8 28. Rd1 1-0

[Event "Catalunya-chT Gp1"]
[Site "Barcelona"]
[Date "2024.01.27"]
[Round "2.3"]
[White "Garcia Ramos, Daniel"]
[Black "Ubach Miralda, Marcelo"]
[Result "1-0"]
[WhiteElo "2436"]
[BlackElo "2230"]
[PlyCount "73"]
[EventDate "2024.01.20"]
[EventType "team-tourn"]
[EventRounds "7"]
[EventCountry "ESP"]
[SourceTitle "CB06_2024"]
[SourceDate "2024.02.07"]
[SourceVersion "1"]
[SourceVersionDate "2024.02.07"]
[SourceQuality "1"]
[WhiteTeam "Colon Sabadell"]
[BlackTeam "Terrassa"]
[WhiteTeamCountry "ESP"]
[BlackTeamCountry "ESP"]

1. Nf3 d5 2. b3 Nf6 3. Bb2 Bf5 4. g3 e6 5. Bg2 h6 6. 0-0 Be7 7. d3 0-0 8. Nbd2 a5 9. a3 c6 10. c4 Nbd7 11. Qc2 Bh7 12. Rfc1 Bc5 13. Qc3 Qe7 14. cxd5 cxd5 15. d4 Bb6 16. Ne1 Rfe8 17. Nd3 Ne4 18. Nxe4 Bxe4 19. Bxe4 dxe4 20. Nc5 e5 21. b4 Rac8 22. Rc2 exd4 23. Qxd4 Nf6 24. Rac1 axb4 25. Qxb4 Rc6 26. Na4 Rxc2 27. Rxc2 Qd7 28. Rc1 Bxf2+ 29. Kxf2 Qh3 30. Bxf6 Qxh2+ 31. Ke1 Qxg3+ 32. Kd1 gxf6 33. Kc2 Qe3 34. Nc3 Rc8 35. Kb2 Rc6 36. Qxe4 Rxc3 37. Qg4+ 1-0

[Event "Titled Tuesday intern op 23rd Jan Late"]
[Site "Chess.com INT"]
[Date "2024.01.23"]
[Round "10"]
[White "Garcia Ramos, Daniel"]
[Black "Bambino Filho, Antonio Carlos"]
[Result "1-0"]
[WhiteElo "2436"]
[BlackElo "2166"]
[PlyCount "89"]
[EventDate "2024.01.23"]
[EventType "swiss (blitz)"]
[EventRounds "11"]
[EventCountry "USA"]
[SourceTitle "CB05_2024"]
[SourceDate "2024.01.31"]
[SourceVersion "1"]
[SourceVersionDate "2024.01.31"]
[SourceQuality "1"]

1. Nf3 c5 2. b3 d5 3. Bb2 Nf6 4. g3 g6 5. Bg2 Bg7 6. 0-0 0-0 7. d3 Nc6 8. Nbd2 Qc7 9. e4 d4 10. a4 e5 11. Nc4 Ne8 12. Nh4 Bf6 13. Bc1 Nd6 14. f4 Nxc4 15. bxc4 exf4 16. Bxf4 Be5 17. Qd2 Bd7 18. Rf2 f6 19. Raf1 Bxf4 20. Rxf4 Qe5 21. Nf3 Qe7 22. h4 Ne5 23. Nxe5 fxe5 24. Rxf8+ Rxf8 25. Rxf8+ Kxf8 26. Qa5 a6 27. Kh2 Kf7 28. Kg1 h6 29. Bf3 Bc6 30. Qd2 Kg7 31. a5 Qf6 32. Kg2 g5 33. hxg5 Qxg5 34. Qxg5+ hxg5 35. Bg4 Kf6 36. Bc8 Ke7 37. Kh3 Kd8 38. Bg4 Bd7 39. Bf5 Ba4 40. Kg4 Bxc2 41. Kxg5 Bxd3 42. Kf6 Bxc4 43. Kxe5 d3 44. Bg4 d2 45. Bd1 1-0

[Event "Titled Tuesday intern op 16th Jan Late"]
[Site "Chess.com INT"]
[Date "2024.01.16"]
[Round "6"]
[White "Chigaev, Maksim"]
[Black "Garcia Ramos, Daniel"]
[Result "1-0"]
[WhiteElo "2622"]
[BlackElo "2436"]
[PlyCount "37"]
[EventDate "2024.01.16"]
[EventType "swiss (blitz)"]
[EventRounds "11"]
[EventCountry "USA"]
[SourceTitle "CB04_2024"]
[SourceDate "2023.10.16"]
[SourceVersion "1"]
[SourceVersionDate "2023.10.16"]
[SourceQuality "1"]

1. c4 e6 2. g3 d5 3. Bg2 Nf6 4. Nf3 dxc4 5. Qa4+ Nbd7 6. Qxc4 c5 7. Qc2 Be7 8. d4 0-0 9. 0-0 h6 10. Rd1 Nd5 11. a3 b6 12. e4 N5f6 13. Nc3 Bb7 14. d5 exd5 15. e5 Ne4 16. Nxd5 Bxd5 17. Rxd5 Ng5 18. Bxg5 Bxg5 19. Rad1 1-0

[Event "Titled Tuesday intern op 16th Jan Late"]
[Site "Chess.com INT"]
[Date "2024.01.16"]
[Round "7"]
[White "Garcia Ramos, Daniel"]
[Black "Silva, Miguel Antonio Neto"]
[Result "1-0"]
[WhiteElo "2436"]
[BlackElo "2211"]
[PlyCount "63"]
[EventDate "2024.01.16"]
[EventType "swiss (blitz)"]
[EventRounds "11"]
[EventCountry "USA"]
[SourceTitle "CB04_2024"]
[SourceDate "2023.10.16"]
[SourceVersion "1"]
[SourceVersionDate "2023.10.16"]
[SourceQuality "1"]

1. e4 c5 2. Nf3 e6 3. d4 cxd4 4. Nxd4 Nc6 5. Nc3 Qc7 6. Be3 a6 7. a3 Nf6 8. f4 b5 9. e5 Ng8 10. Be2 Bb7 11. 0-0 Nxd4 12. Qxd4 Rc8 13. Bf3 Ne7 14. Bxb7 Qxb7 15. Qd3 Nf5 16. Bf2 d5 17. g4 Nh6 18. h3 Rc4 19. Ne2 Be7 20. Nd4 0-0 21. b3 Rc7 22. f5 Qc8 23. Be3 Rc3 24. Qd2 Rxe3 25. Qxe3 Bc5 26. f6 Bxd4 27. Qxd4 Qxc2 28. Qf4 Qxb3 29. Rf3 Qc2 30. fxg7 Rc8 31. Qxh6 Qe2 32. Qf4 1-0

[Event "Titled Tuesday intern op 19th Dec Early"]
[Site "Chess.com INT"]
[Date "2023.12.19"]
[Round "5"]
[White "Drygalov, Sergey"]
[Black "Garcia Ramos, Daniel"]
[Result "1-0"]
[WhiteElo "2547"]
[BlackElo "2448"]
[PlyCount "59"]
[EventDate "2023.12.19"]
[EventType "swiss (blitz)"]
[EventRounds "11"]
[EventCountry "USA"]
[SourceTitle "CB52_2023"]
[SourceDate "2023.12.27"]
[SourceVersion "1"]
[SourceVersionDate "2023.12.27"]
[SourceQuality "1"]

1. d4 d5 2. c4 e6 3. Nf3 Nf6 4. Nc3 c5 5. e3 dxc4 6. Bxc4 a6 7. 0-0 b5 8. Bd3 Bb7 9. Qe2 Nbd7 10. Rd1 Qb6 11. a4 b4 12. Nb1 Be7 13. Nbd2 0-0 14. Nc4 Qc7 15. e4 cxd4 16. e5 Ng4 17. Bf4 f6 18. exf6 Qxf4 19. Qxe6+ Rf7 20. fxe7 Bxf3 21. e8Q+ Rxe8 22. Qxe8+ Nf8 23. g3 Qh6 24. h4 Bxd1 25. Rxd1 Nxf2 26. Ne5 Rf6 27. Bc4+ Kh8 28. Nf7+ Rxf7 29. Qxf7 Nh3+ 30. Kh2 1-0

[Event "Titled Tuesday intern op 19th Dec Early"]
[Site "Chess.com INT"]
[Date "2023.12.19"]
[Round "4"]
[White "Garcia Ramos, Daniel"]
[Black "Vokhidov, Shamsiddin"]
[Result "1-0"]
[WhiteElo "2448"]
[BlackElo "2596"]
[PlyCount "57"]
[EventDate "2023.12.19"]
[EventType "swiss (blitz)"]
[EventRounds "11"]
[EventCountry "USA"]
[SourceTitle "CB52_2023"]
[SourceDate "2023.12.27"]
[SourceVersion "1"]
[SourceVersionDate "2023.12.27"]
[SourceQuality "1"]

1. e4 c5 2. Nf3 d6 3. d4 cxd4 4. Nxd4 Nf6 5. Nc3 Nc6 6. Bg5 e6 7. Qd3 Bd7 8. Ndb5 Qb8 9. 0-0-0 Ng4 10. Qg3 Nge5 11. Be3 a6 12. Nd4 b5 13. f4 Nxd4 14. Bxd4 Nc6 15. Bxg7 Rg8 16. Bxf8 Rxg3 17. Bxd6 Qb6 18. hxg3 b4 19. Rxh7 0-0-0 20. Na4 Qe3+ 21. Kb1 Nb8 22. Rxf7 Qxe4 23. Nc5 Qg6 24. Re7 Re8 25. Rxd7 Nxd7 26. Bxa6+ Kd8 27. Nb7+ Kc8 28. Na5+ Kd8 29. Nc6# 1-0

[Event "Titled Tuesday intern op 19th Dec Early"]
[Site "Chess.com INT"]
[Date "2023.12.19"]
[Round "6"]
[White "Ivic, Velimir"]
[Black "Garcia Ramos, Daniel"]
[Result "1/2-1/2"]
[WhiteElo "2570"]
[BlackElo "2448"]
[PlyCount "83"]
[EventDate "2023.12.19"]
[EventType "swiss (blitz)"]
[EventRounds "11"]
[EventCountry "USA"]
[SourceTitle "CB52_2023"]
[SourceDate "2023.12.27"]
[SourceVersion "1"]
[SourceVersionDate "2023.12.27"]
[SourceQuality "1"]

1. e4 c6 2. d4 d5 3. e5 Bf5 4. h4 h5 5. Bd3 Bxd3 6. Qxd3 Qa5+ 7. Nd2 e6 8. Ne2 Nh6 9. 0-0 Nf5 10. Nf3 Be7 11. Bg5 Qa6 12. Qd2 Nd7 13. Bxe7 Nxe7 14. Ng3 c5 15. c3 Rc8 16. Rfd1 b6 17. Qf4 g6 18. Ng5 Nf5 19. a4 Qc4 20. a5 b5 21. Rac1 Qa2 22. b4 cxb4 23. cxb4 Rc4 24. Nxf5 gxf5 25. Nf3 Rg8 26. Nd2 Rg4 27. Qh6 Nf8 28. Nxc4 bxc4 29. Qd2 Qa4 30. b5 Ng6 31. g3 f4 32. b6 axb6 33. axb6 fxg3 34. b7 Qb3 35. f3 Nxh4 36. Qc3 Nxf3+ 37. Qxf3 Qxf3 38. b8Q+ Ke7 39. Qb4+ Ke8 40. Qb8+ Ke7 41. Qb4+ Ke8 42. Qb8+ 1/2-1/2

[Event "Titled Tuesday intern op 19th Dec Early"]
[Site "Chess.com INT"]
[Date "2023.12.19"]
[Round "2"]
[White "Mortazavi, Ali"]
[Black "Garcia Ramos, Daniel"]
[Result "0-1"]
[WhiteElo "2333"]
[BlackElo "2448"]
[PlyCount "82"]
[EventDate "2023.12.19"]
[EventType "swiss (blitz)"]
[EventRounds "11"]
[EventCountry "USA"]
[SourceTitle "CB52_2023"]
[SourceDate "2023.12.27"]
[SourceVersion "1"]
[SourceVersionDate "2023.12.27"]
[SourceQuality "1"]

1. Nf3 Nf6 2. g3 d5 3. Bg2 e6 4. 0-0 Be7 5. d3 0-0 6. Nbd2 c5 7. e4 Nc6 8. Re1 h6 9. e5 Nd7 10. Nf1 b5 11. h4 Re8 12. N1h2 a5 13. Ng4 Bf8 14. Bf4 b4 15. Qd2 Nd4 16. Nxd4 cxd4 17. Bxh6 gxh6 18. Nxh6+ Kg7 19. Ng4 Kg8 20. Qf4 Bg7 21. h5 Ra6 22. h6 Bh8 23. a3 f6 24. h7+ Kf7 25. exf6 Bxf6 26. axb4 e5 27. Bxd5+ Ke7 28. b5 Rd6 29. Bc6 Kf7 30. Qh6 Qe7 31. Qh5+ Kg7 32. Nh6 Qe6 33. Nf5+ Kh8 34. Nh6 Rf8 35. Be4 Bg7 36. Nf5 Nf6 37. Nxd6 Nxh5 38. Nxc8 Qxc8 39. Rxa5 Nf6 40. Bg2 Qc7 41. Rea1 Ng4 0-1

[Event "Titled Tuesday intern op 19th Dec Early"]
[Site "Chess.com INT"]
[Date "2023.12.19"]
[Round "8"]
[White "Ter Sahakyan, Samvel"]
[Black "Garcia Ramos, Daniel"]
[Result "1/2-1/2"]
[WhiteElo "2643"]
[BlackElo "2448"]
[PlyCount "131"]
[EventDate "2023.12.19"]
[EventType "swiss (blitz)"]
[EventRounds "11"]
[EventCountry "USA"]
[SourceTitle "CB52_2023"]
[SourceDate "2023.12.27"]
[SourceVersion "1"]
[SourceVersionDate "2023.12.27"]
[SourceQuality "1"]

1. d4 d5 2. c4 e6 3. Nf3 Nf6 4. Nc3 c5 5. cxd5 Nxd5 6. e4 Nxc3 7. bxc3 cxd4 8. cxd4 Bb4+ 9. Bd2 Bxd2+ 10. Qxd2 0-0 11. Bc4 Nd7 12. 0-0 b6 13. Rad1 Bb7 14. Rfe1 Rc8 15. Bb3 h6 16. h3 Nf6 17. Qf4 Qc7 18. Ne5 Nd7 19. Re3 Nxe5 20. dxe5 Rfd8 21. Rd6 Qc1+ 22. Kh2 Ba6 23. Qh4 Qc7 24. Qf4 Qe7 25. h4 Rc5 26. Rg3 Kh8 27. Rxd8+ Qxd8 28. Qxf7 Qxh4+ 29. Rh3 Qxe4 30. Bxe6 Qxe5+ 31. f4 Qb8 32. Re3 Bb5 33. Bb3 Rc7 34. Qf5 Rc5 35. Qf7 Rc7 36. Qf5 Rc5 37. Re5 Rxe5 38. fxe5 Qd8 39. Qf4 Bd3 40. e6 Bg6 41. Ba4 Qe7 42. Bd7 Kh7 43. Kg3 a5 44. Qe5 Qa3+ 45. Kh2 Qe7 46. a4 Qh4+ 47. Kg1 Qe7 48. Qf4 Qc5+ 49. Kh2 Qh5+ 50. Kg3 Qc5 51. Qh4 Qd6+ 52. Qf4 Qe7 53. Qh4 Qd6+ 54. Qf4 Qe7 55. Kh2 Be8 56. Bxe8 Qxe8 57. Qf5+ Kh8 58. Qf7 Qb8+ 59. Kh1 Qe5 60. Qf8+ Kh7 61. e7 Qe1+ 62. Kh2 Qh4+ 63. Kg1 Qe1+ 64. Kh2 Qh4+ 65. Kg1 Qe1+ 66. Kh2 1/2-1/2

[Event "Titled Tuesday intern op 19th Dec Early"]
[Site "Chess.com INT"]
[Date "2023.12.19"]
[Round "9"]
[White "Terry, Renato"]
[Black "Garcia Ramos, Daniel"]
[Result "1-0"]
[WhiteElo "2522"]
[BlackElo "2448"]
[PlyCount "85"]
[EventDate "2023.12.19"]
[EventType "swiss (blitz)"]
[EventRounds "11"]
[EventCountry "USA"]
[SourceTitle "CB52_2023"]
[SourceDate "2023.12.27"]
[SourceVersion "1"]
[SourceVersionDate "2023.12.27"]
[SourceQuality "1"]

1. Nf3 Nf6 2. d4 e6 3. c4 d5 4. e3 Be7 5. b3 0-0 6. Bb2 c5 7. dxc5 Bxc5 8. a3 Nc6 9. b4 Be7 10. Nbd2 b6 11. Rc1 Bb7 12. Be2 Rc8 13. 0-0 Ne4 14. cxd5 exd5 15. Nb3 Bf6 16. Nbd4 Qd6 17. Qa4 Nxd4 18. Nxd4 a6 19. Bxa6 Ra8 20. b5 Nc5 21. Qb4 Bxa6 22. bxa6 Rxa6 23. Rfd1 Ra4 24. Qb5 Ra5 25. Qe2 Re8 26. Bc3 Ra4 27. Bb4 Bxd4 28. Rxd4 Raa8 29. Rcd1 Rad8 30. Qf3 Re5 31. e4 Qe6 32. exd5 Qd6 33. g3 Rde8 34. Rf4 Qd7 35. Bc3 Re2 36. Rg4 f5 37. Rxg7+ Qxg7 38. Bxg7 Kxg7 39. d6 Re1+ 40. Rxe1 Rxe1+ 41. Kg2 Re6 42. Qd5 Kf6 43. d7 1-0

[Event "Mediterranean-ch 13th"]
[Site "Platja d'Aro"]
[Date "2023.11.05"]
[Round "2"]
[White "Garcia Ramos, Daniel"]
[Black "Rojano Alfonso, Carlos"]
[Result "1/2-1/2"]
[WhiteElo "2461"]
[BlackElo "2207"]
[PlyCount "98"]
[EventDate "2023.11.04"]
[EventType "swiss"]
[EventRounds "9"]
[EventCountry "ESP"]
[SourceTitle "CB46_2023"]
[SourceDate "2023.11.15"]
[SourceVersion "1"]
[SourceVersionDate "2023.11.15"]
[SourceQuality "1"]

1. e4 e5 2. Nf3 Nc6 3. Bb5 Bc5 4. c3 Nge7 5. 0-0 Bb6 6. d4 exd4 7. cxd4 d5 8. exd5 Nxd5 9. Re1+ Be6 10. Nc3 0-0 11. h3 Nxc3 12. bxc3 Bd5 13. a4 Ba5 14. Re3 Re8 15. Bd2 Qf6 16. Qe2 Rxe3 17. fxe3 Re8 18. Bd3 Qe7 19. Qf1 Qd7 20. Rb1 Bxf3 21. gxf3 Ne7 22. Rxb7 Bb6 23. Bb5 Qc8 24. Rxb6 axb6 25. Bxe8 Qxe8 26. Qc4 Qd7 27. e4 Ng6 28. Kg2 h5 29. Qb5 Qe6 30. Qxh5 Qa2 31. Qg5 Qxa4 32. h4 Qd1 33. Kf2 f6 34. Qd5+ Kh8 35. Ke3 Qg1+ 36. Kd3 Qf1+ 37. Kc2 Qxf3 38. h5 Nh4 39. h6 gxh6 40. Qd8+ Kh7 41. Qxc7+ Kg6 42. Qf4 Qxf4 43. Bxf4 Ng2 44. Bc7 h5 45. Bxb6 h4 46. Bc7 h3 47. Kd2 f5 48. exf5+ Kxf5 49. Bh2 Ke4 1/2-1/2

[Event "Mediterranean-ch 13th"]
[Site "Platja d'Aro"]
[Date "2023.11.04"]
[Round "1"]
[White "Garcia Paolicchi, Raul"]
[Black "Garcia Ramos, Daniel"]
[Result "0-1"]
[WhiteElo "2051"]
[BlackElo "2461"]
[PlyCount "94"]
[EventDate "2023.11.04"]
[EventType "swiss"]
[EventRounds "9"]
[EventCountry "ESP"]
[SourceTitle "CB46_2023"]
[SourceDate "2023.11.15"]
[SourceVersion "1"]
[SourceVersionDate "2023.11.15"]
[SourceQuality "1"]

1. d4 Nf6 2. Nf3 e6 3. g3 d5 4. Bg2 Nbd7 5. 0-0 b5 6. a4 b4 7. c4 bxc3 8. bxc3 Bb7 9. Nbd2 c5 10. c4 Rc8 11. Ba3 Be7 12. Rc1 0-0 13. cxd5 Nxd5 14. Ne4 Qa5 15. dxc5 Nxc5 16. Bxc5 Bxc5 17. Rxc5 Rxc5 18. Nxc5 Qxc5 19. Qd4 Qc7 20. e3 a5 21. Kh1 Rc8 22. Rd1 h6 23. h3 Nc3 24. Rc1 Bxf3 25. Bxf3 Qc5 26. Qd7 Rb8 27. Qd3 Rb3 28. Qd8+ Kh7 29. Bd1 Ra3 30. Qd3+ f5 31. Qc2 Qd5+ 32. Kg1 Ne4 33. Bf3 Ra2 34. Qd1 Qxd1+ 35. Rxd1 Nxf2 36. Rd6 Nxh3+ 37. Kh1 Rxa4 38. Bc6 Ra1+ 39. Kg2 Ng5 40. Bd7 Ra2+ 41. Kg1 Kg6 42. Bxe6 Nxe6 43. Rxe6+ Kg5 44. e4 Re2 45. Ra6 Rxe4 46. Rxa5 Kg4 47. Kg2 g5 0-1

[Event "Titled Tuesday intern op 26th Sep Early"]
[Site "Chess.com INT"]
[Date "2023.09.26"]
[Round "5"]
[White "Garcia Ramos, Daniel"]
[Black "Mendes Domingues, Ribeiro Matheus"]
[Result "0-1"]
[WhiteElo "2455"]
[BlackElo "2115"]
[PlyCount "78"]
[EventDate "2023.09.26"]
[EventType "swiss (blitz)"]
[EventRounds "11"]
[EventCountry "USA"]
[SourceTitle "EXT 2024"]
[Source "ChessBase"]
[SourceDate "2023.10.10"]
[SourceVersion "1"]
[SourceVersionDate "2023.10.10"]
[SourceQuality "1"]

1. e4 e6 2. d4 d5 3. Nc3 Nf6 4. e5 Nfd7 5. f4 c5 6. Nf3 Nc6 7. Be3 Be7 8. Qd2 0-0 9. dxc5 Qa5 10. a3 Bxc5 11. 0-0-0 b6 12. h4 Bb7 13. Kb1 Rfd8 14. h5 d4 15. Nxd4 Nxd4 16. Bxd4 Nxe5 17. Nb5 Qxd2 18. Rxd2 Ng4 19. Be2 Ne3 20. Bxe3 Bxe3 21. Rxd8+ Rxd8 22. Nxa7 Bxg2 23. Rd1 Rxd1+ 24. Bxd1 Bxf4 25. a4 g5 26. hxg6 fxg6 27. Nc8 h5 28. Nxb6 Be4 29. a5 Be3 30. b4 h4 31. Bg4 Bf5 32. Bf3 h3 33. Nc4 Bf2 34. b5 g5 35. b6 g4 36. b7 Ba7 37. Bc6 g3 38. Ne5 g2 39. Nf3 h2 0-1

[Event "Titled Tuesday intern op 26th Sep Early"]
[Site "Chess.com INT"]
[Date "2023.09.26"]
[Round "1"]
[White "Kleibel, Uwe"]
[Black "Garcia Ramos, Daniel"]
[Result "0-1"]
[WhiteElo "2302"]
[BlackElo "2455"]
[PlyCount "110"]
[EventDate "2023.09.26"]
[EventType "swiss (blitz)"]
[EventRounds "11"]
[EventCountry "USA"]
[SourceTitle "EXT 2024"]
[Source "ChessBase"]
[SourceDate "2023.10.10"]
[SourceVersion "1"]
[SourceVersionDate "2023.10.10"]
[SourceQuality "1"]

1. e4 c6 2. Nc3 d5 3. Nf3 dxe4 4. Nxe4 Nf6 5. Qe2 Nxe4 6. Qxe4 Qa5 7. b4 Qf5 8. Qe3 Qe6 9. Bb2 Qxe3+ 10. fxe3 f6 11. a3 a5 12. b5 cxb5 13. Bxb5+ Bd7 14. Bxd7+ Nxd7 15. 0-0 Rc8 16. Rac1 Nc5 17. d3 e5 18. d4 Na4 19. Rb1 Rxc2 20. Rf2 Rxb2 21. Rfxb2 Nxb2 22. Rxb2 Bxa3 23. Rxb7 0-0 24. dxe5 Bc5 25. Kf1 fxe5 26. Ke2 a4 27. Rb5 Bd6 28. Ra5 a3 29. e4 Rb8 30. Kd3 h6 31. Kc4 Rb2 32. Kd5 Bf8 33. Nxe5 Rxg2 34. Ra8 Rd2+ 35. Ke6 a2 36. h4 h5 37. Kf5 Kh7 38. Nf3 Rf2 39. Kf4 Be7 40. Ke3 Rb2 41. e5 Kg6 42. Ra6+ Kf5 43. Nd4+ Kg4 44. Rg6+ Kxh4 45. Nf5+ Kh3 46. Ra6 Bg5+ 47. Ke4 g6 48. Nd4 Be7 49. Nf3 g5 50. e6 g4 51. Nd4 g3 52. Nf5 g2 53. Nxe7 g1Q 54. Kf5 Qf1+ 55. Kg6 Qxa6 0-1